000 00929nam a2200289Ia 4500
003 OSt
005 20221006141208.0
006 a|||||r|||| 00| 0
007 ta
008 221006b |||||||| |||| 00| 0 chi d
024 _a1,514
037 _cDissertations
040 _aEASL
_cEASL
_bchi
041 _2chi
_achi
082 _a0000066, BHU
100 _aBhutia Mirap Dorjee
_9644802
110 _aDelhi University. Social Sciences. Chinese & Japanese Studies
_9644803
245 0 _aChina-Pakistan relations 1949-71
_b A national interest analysis Mira Sinha Bhattacharjea
260 _c1991
300 _a197p.
_ccm.
490 _v Dis
500 _aBoth Acc. Nos. are of same dissertation
650 _aDiss
_9644804
700 _aDelhi University. Social Sciences. Chinese & Japanese Studies
_9644805
942 _h0000066, BHU
_cDIS
_2CC
999 _c1069600
_d1069600